000 00553nam a2200193Ia 4500
999 _c29739
_d29739
003 OSt
005 20201127120703.0
008 190216s9999||||xx |||||||||||||| ||und||
020 _a9788171307845
040 _coclc
082 _a894.8123
_bMUN/M
100 1 _aMunshi, Kanaiyalal Maneklal,
_9289
_d1887-1971
245 0 _aMadhurapuri /
_cK M Munshi
250 _a5th Ed.
260 _bD C Books Kerala,
_c1997.
_aKottayam:
300 _a372p
650 _aMalayalam Novel
942 _cBK
_2ddc
_h894.8123
_iMUN/M
_k894.8123
_mMUN/M